Statistics on academic stream of education by province 1980

Guardado en:
Detalles Bibliográficos
Formato: Libro
Lenguaje:inglés
Publicado: Bangkok National Statistical Office 1980
Etiquetas: Agregar Etiqueta
Sin Etiquetas, Sea el primero en etiquetar este registro!

MARC

LEADER 00000nam a2200000 4500
001 c132777
005 20041019155256.2
041 0 |a eng 
044 |a TH 
245 1 0 |a Statistics on academic stream of education by province 1980 
264 1 |a Bangkok  |b National Statistical Office  |c 1980 
300 |a 178 s.